[Event "FSIM November"]
[Site "Budapest HUN"]
[Date "2001.11.10"]
[Round "8"]
[White "Cooke,E"]
[Black "Szeberenyi,A"]
[Result "0-1"]
[WhiteElo "2212"]
[BlackElo "2365"]

1.e4 c5 2.Nf3 e6 3.d4 cxd4 4.Nxd4 a6 5.Bd3 Bc5 6.Nb3 Ba7 7.Nc3 Nc6 8.Qe2 d6
9.Be3 b5 10.Bxa7 Rxa7 11.Qe3 Rd7 12.O-O Nf6 13.a3 O-O 14.Rae1 b4 15.axb4 Nxb4
16.Ra1 Bb7 17.Na5 Ba8 18.Rfe1 d5 19.Qc5 dxe4 20.Bxe4 Nxe4 21.Nxe4 Bxe4 22.Rxe4 Rd1+
23.Re1 Rxe1+ 24.Rxe1 Qd2 25.Rf1 Nxc2 26.Nc6 h6 27.h3 Re8 28.b4 e5 29.Nxe5 Nxb4
30.Nc6 Nd3 31.Ne7+ Kh8 32.Qd4 Qe2 33.Nf5 Qxf1+ 34.Kh2 Ne5 35.Nd6 Re6 36.f4 Nf3+
37.gxf3 Re2+ 38.Kg3 Rg2+ 39.Kh4 Qe1+ 40.Kh5 Kh7  0-1

[Event "FSIM November"]
[Site "Budapest HUN"]
[Date "2001.11.11"]
[Round "9"]
[White "Vass,V"]
[Black "Nemeth,Z"]
[Result "0-1"]
[WhiteElo "2166"]
[BlackElo "2372"]

1.e4 c5 2.Nf3 e6 3.d4 cxd4 4.Nxd4 a6 5.Bd3 Nf6 6.O-O d6 7.c4 Nbd7 8.Nc3 Qc7
9.Bg5 g6 10.Qe2 Bg7 11.Rfd1 O-O 12.Rac1 b6 13.Nb3 Bb7 14.Bh4 Rfe8 15.Bg3 Nh5
16.Qe3 Nxg3 17.Qxg3 Rad8 18.Be2 Nc5 19.Nxc5 bxc5 20.Qd3 Bc6 21.Bf3 Qb7 22.b3 f5
23.exf5 Bxf3 24.Qxf3 Qxf3 25.gxf3 gxf5 26.Rd3 Kf7 27.Ne2 Rg8 28.Kf1 Bf6 29.Rcd1 Be7
30.a3 Rg6 31.f4 Rh6 32.Kg2 Rg8+ 33.Rg3 Rhg6 34.b4 cxb4 35.axb4 Rc8 36.Rc1 Bh4
37.Rxg6 hxg6 38.Kf3 Bf6 39.Rc2 Rb8 40.c5 Rxb4 41.cxd6 Rb3+ 42.Kg2 Rb2 43.Rc7+ Ke8
44.Nc1 Rb6 45.d7+ Kd8 46.Ra7 Bd4 47.Ne2 e5 48.fxe5 Bxe5 49.Nc1 Bb8 50.Ra8 Kxd7
51.Nd3 Kc6 52.Nb4+ Kb7 53.Rxa6 Rxa6 54.Nxa6 Kxa6 55.Kh3 Kb5 56.Kh4 Bf4 57.h3 Kc4
58.f3 Bh6 59.f4 Kd3 60.Kg3 Ke4 61.Kh4 Ke3  0-1

[Event "EuTChw"]
[Site "Leon ESP"]
[Date "2001.11.15"]
[Round "9"]
[White "Milligan,H"]
[Black "Cinak,N"]
[Result "1/2-1/2"]
[WhiteElo "2117"]
[BlackElo "2075"]

1.e4 c5 2.Nf3 e6 3.d4 cxd4 4.Nxd4 a6 5.Bd3 Qc7 6.O-O Nf6 7.c4 h5 8.Nd2 Ng4
9.N2f3 Bc5 10.Nb3 Ba7 11.Qc2 Nc6 12.Qc3 f6 13.g3 h4 14.Bf4 e5 15.Bd2 hxg3
16.hxg3 Nd4 17.Nbxd4 exd4 18.Qa5 Qxa5 19.Bxa5 d6 20.Bb4 Ne5 21.Nxe5 dxe5
22.f3 Be6 23.g4 Kd7 24.Kg2 Rac8 25.b3 Bc5 26.Bd2 Be7 27.Rh1 Kc6 28.a4 b6
29.Kf2 a5 30.Raf1 g5 31.Bc1 Bb4 32.Ke2 Kc5 33.Bb2 Kd6 34.Rc1 Ke7 35.Rcf1 Kf7
36.Rc1 Kg6 37.Rcf1 Kg7  1/2-1/2

[Event "ch-ROM"]
[Site "Targoviste ROM"]
[Date "2001.11.29"]
[Round "6"]
[White "Vasiesiu,D"]
[Black "Ionescu,Co"]
[Result "1/2-1/2"]
[WhiteElo "2440"]
[BlackElo "2481"]

1.e4 c5 2.Nf3 e6 3.d4 cxd4 4.Nxd4 a6 5.Bd3 g6 6.c4 Bg7 7.Nf3 Ne7 8.O-O O-O
9.Nc3 Nbc6 10.Bg5 h6 11.Be3 d5 12.cxd5  1/2-1/2

[Event "ch-GER"]
[Site "Altenkirchen GER"]
[Date "2001.12.03"]
[Round "4"]
[White "Baramidze,D"]
[Black "Wolter,K"]
[Result "1-0"]
[WhiteElo "2335"]
[BlackElo "2295"]

1.e4 c5 2.Nf3 e6 3.d4 cxd4 4.Nxd4 a6 5.Bd3 Qc7 6.O-O Nf6 7.c4 d6 8.Nc3 Nbd7
9.Be3 b6 10.Qd2 Bb7 11.f3 Be7 12.Rfc1 O-O 13.Bf1 Rac8 14.a4 Rfe8 15.a5 bxa5
16.Nb3 a4 17.Nxa4 Nc5 18.Na5 Ba8 19.Nc3 Rb8 20.b4 Ncd7 21.Nd5 exd5 22.cxd5 Nc5
23.bxc5 dxc5 24.Bf4 Bd6 25.Bxd6 Qxd6 26.Nc4 Qd8 27.Rxa6 Nd7 28.Ra7 h6 29.Qa5 Qg5
30.Ra1 Red8 31.Qc7 f5 32.Qd6 Nf6 33.Qe6+ Kh7 34.f4 Qg6 35.Ne5 Re8 36.Nxg6 Rxe6
37.dxe6  1-0

[Event "FSIMA December"]
[Site "Budapest HUN"]
[Date "2001.12.05"]
[Round "5"]
[White "Rajlich,V"]
[Black "Gonda,L"]
[Result "1-0"]
[WhiteElo "2257"]
[BlackElo "2309"]

1.e4 c5 2.Nf3 e6 3.d4 cxd4 4.Nxd4 a6 5.Bd3 g6 6.c4 Bg7 7.Be3 d5 8.cxd5 exd5
9.Nc3 Ne7 10.O-O O-O 11.Qd2 dxe4 12.Bc4 Nbc6 13.Rad1 Nxd4 14.Bxd4 Qxd4 15.Qxd4 Bxd4
16.Rxd4 Bf5 17.Nxe4 Nc6 18.Nf6+ Kg7 19.Rd6 Ne5 20.Be2 Rfd8 21.Rfd1 Rxd6 22.Rxd6 Rc8
23.g4 Be6 24.g5 Bxa2 25.h4 h6 26.f4 Nc6 27.Rd7 b5 28.Bf3 hxg5 29.hxg5 Be6
30.Rd6 Nb4 31.Bb7 Rb8 32.Bxa6 Kf8 33.Rxe6 Ra8 34.Nd7+ Kg8 35.Rb6 Nxa6 36.Rxb5 Nc7
37.Rb4 Rd8 38.Nf6+ Kf8 39.Kf2 Rd3 40.Rb7 Ne6 41.Nd7+ Ke8 42.Ne5 Rd5 43.Ke3 Nxg5
44.Rb8+ Ke7 45.Nc6+ Kd6 46.Nb4 Rf5 47.fxg5 Rxg5 48.Rd8+ Kc7 49.Rd2 Kb6 50.Kf4 Rb5
51.Nd3 g5+ 52.Ke4 f5+ 53.Kd4 f4 54.Ke4 Ka5 55.Rc2 Ka4 56.Rc4+ Kb3 57.Rc3+ Ka4
58.Ra3+  1-0

[Event "Christmas Open"]
[Site "Zadar CRO"]
[Date "2001.12.16"]
[Round "2"]
[White "Palac,M"]
[Black "Saric,A"]
[Result "1-0"]
[WhiteElo "2572"]
[BlackElo "2284"]

1.e4 c5 2.Nf3 e6 3.d4 cxd4 4.Nxd4 a6 5.Bd3 d5 6.exd5 Qxd5 7.O-O Nf6 8.Nc3 Qd8
9.Bf4 Be7 10.Be2 Bd7 11.Bf3 Qb6 12.a4 Nc6 13.Nb3 Nd8 14.a5 Qb4 15.Qd2 O-O
16.Rfd1 Bc6 17.Qc1 Bxf3 18.Rd4 Bh5 19.Rxb4 Bxb4 20.Na4 Nc6 21.Bc7 Nd5 22.Bg3 Nxa5
23.Nxa5 Bxa5 24.Nc5 b6 25.Nb7 Bb4 26.c4 Nf6 27.Qe3 Nd7 28.Bd6 Bxd6 29.Nxd6 a5
30.Qg5 Bg6 31.Qb5 Ra7 32.h4 Bc2 33.Rc1 Bd3 34.Rd1 Bc2 35.Rd2 Bb1 36.Qc6 Ne5
37.Qxb6 Rd7 38.c5 Rfd8 39.Nc4 Rxd2 40.Nxd2 Bg6 41.Qxd8+  1-0

[Event "22nd Open"]
[Site "Bethune FRA"]
[Date "2001.12.27"]
[Round "3"]
[White "Cappon,J"]
[Black "Bouhallel,R"]
[Result "1-0"]
[WhiteElo "2152"]
[BlackElo "2363"]

1.e4 c5 2.Nf3 e6 3.d4 cxd4 4.Nxd4 a6 5.Bd3 Qc7 6.O-O Nf6 7.Qe2 d6 8.Nc3 Nbd7
9.Nb3 b5 10.a3 Bb7 11.f4 Be7 12.Be3 Rc8 13.Kh1 O-O 14.Rf3 e5 15.Rg3 Rfe8
16.f5 Bf8 17.Rc1 Qb8 18.Bg5 d5 19.Qe1 Qa8 20.exd5 e4 21.Be2 Re5 22.Nd4 Bxd5
23.Be3 Bb7 24.Qf2 Ree8 25.Qf4 Qb8 26.Qg5 Qe5 27.Rd1 h6 28.Qh4 Kh8 29.Bf4 Qe7
30.Bg5 b4 31.axb4 Qxb4 32.Nb3 Qb6 33.Be3 Qc7 34.Bf4 Qb6 35.Be3 Qb4 36.Rxd7 Nxd7
37.f6 Qd6 38.fxg7+ Bxg7 39.Nd4 Qf6 40.Qh3  1-0

[Event "Open"]
[Site "Trinec CZE"]
[Date "2001.12.27"]
[Round "1"]
[White "Bartel,Mi"]
[Black "Ostrowski,L"]
[Result "0-1"]
[WhiteElo "2075"]
[BlackElo "2364"]

1.e4 c5 2.Nf3 e6 3.d4 cxd4 4.Nxd4 a6 5.Bd3 g6 6.O-O Bg7 7.Be3 Ne7 8.Nc3 b5
9.f4 b4 10.Na4 d6 11.f5 Nec6 12.Nf3 Nd7 13.fxe6 fxe6 14.Ng5 Nde5 15.Nb6 Rb8
16.Nxc8 Qxc8 17.Bxa6 Qd7 18.Be2 h6 19.Nh3 Rf8 20.Qd2 g5 21.Bh5+ Kd8 22.Be2 Kc7
23.a3 bxa3 24.Rxa3 Rxf1+ 25.Bxf1 Ng4 26.c3 Nxe3 27.Qxe3 Rxb2 28.Nf2 Qd8 29.Nd3 Rb1
30.Nb4 Rxb4 31.Ra7+ Rb7 32.Rxb7+ Kxb7 33.Qd3 Qb6+ 34.Kh1 Ne5  0-1

[Event "Open"]
[Site "Trinec CZE"]
[Date "2001.12.27"]
[Round "1"]
[White "Luch,M"]
[Black "Voloshin,L"]
[Result "0-1"]
[WhiteElo "2130"]
[BlackElo "2453"]

1.e4 c5 2.Nf3 e6 3.d4 cxd4 4.Nxd4 a6 5.Bd3 Bc5 6.Nb3 Ba7 7.Nc3 Nc6 8.Qe2 Nge7
9.Be3 d6 10.O-O-O O-O 11.f4 b5 12.Bxa7 Rxa7 13.e5 d5 14.Qh5 Ng6 15.Bxg6 fxg6
16.Qg4 Raf7 17.g3 g5 18.Ne2 gxf4 19.gxf4 a5 20.Rhg1 Qe7 21.Nbd4 Nxd4 22.Rxd4 b4
23.Rgd1 Qc5 24.Qg3 a4 25.Kb1 Ba6 26.Nc1 Rc7 27.R1d2 Rf5 28.h4 Rcf7 29.Rd1 Bc4
30.R1d2 Rb7 31.Rd1 Kh8 32.R1d2 Qf8 33.Rf2 Bb5 34.Qe3 Be8 35.Ne2 b3 36.cxb3 axb3
37.a3 Bg6 38.Kc1 Qxa3 39.Qc3 Qa1+ 40.Kd2 Rf8 41.Rg2 Qb1 42.Rg1 Qf5 43.Rc1 Qf7
44.Ng3 Bc2 45.Rf1 Rc7 46.Qb4 Rfc8 47.Ne2 Qh5 48.Nc3 Qxh4 49.Re1 h6 50.Re2 Rc4
51.Rxc4 Rxc4 52.Qf8+ Kh7 53.Rg2 Qxf4+  0-1

[Event "Casino Open"]
[Site "Interlaken SUI"]
[Date "2001.12.28"]
[Round "4"]
[White "Velicka,P"]
[Black "Solak,D"]
[Result "0-1"]
[WhiteElo "2448"]
[BlackElo "2504"]

1.e4 c5 2.Nf3 e6 3.d4 cxd4 4.Nxd4 a6 5.Bd3 Nc6 6.Nxc6 dxc6 7.Nd2 Ne7 8.a4 Ng6
9.Nc4 b5 10.axb5 cxb5 11.Na5 Bb4+ 12.Bd2 Bxd2+ 13.Qxd2 O-O 14.f4 Qb6 15.g3 Ne7
16.Qf2 Qc7 17.O-O Rd8 18.b4 Bd7 19.Ra3 Nc8 20.Qc5 Qb8 21.f5 exf5 22.exf5 Nd6
23.f6 Qa7 24.fxg7 Rdc8 25.Qxa7 Rxa7 26.Nb3 Nc4 27.Raa1 Ne3 28.Rf2 Nd5 29.Nc5 Bh3
30.Rxa6 Re7 31.Ne4 Kxg7 32.Ra1 Rce8 33.Nd2 Nxb4 34.Bxb5 Nxc2 35.Rc1 Re1+
36.Rxe1 Rxe1+ 37.Bf1 Rd1 38.Nc4 Rc1 39.Rf4 h5 40.Rf2 Kg8 41.Rf4 Kg7 42.Rf2 Re1
43.Rf4 Kg8 44.Nd2 Rd1 45.Nc4 Ra1 46.Nd2 Rd1 47.Nc4 Kf8 48.Rf2 Ke7 49.Re2+ Kf8
50.Rf2 Rc1 51.Nd2 Nd4 52.Rf6 Rd1 53.Kf2 Kg7 54.Rf4 Rxd2+ 55.Ke3 Rxh2 56.Kxd4 Bxf1
57.Rxf1 Re2 58.Kd3 Re6 59.Rf5 Kg6 60.Rf3 f6 61.Rf4 Kg5 62.Kd2 f5 63.Kd3 Re7
64.Kd2 Re4 65.Rf1 Kg4 66.Rh1 Re5 67.Kd3 Kxg3 68.Rxh5 Kg4 69.Rh1 f4  0-1

[Event "Christmas Open"]
[Site "Zurich SUI"]
[Date "2001.12.30"]
[Round "7"]
[White "Lekic,D"]
[Black "Prusikhin,M"]
[Result "1-0"]
[WhiteElo "2401"]
[BlackElo "2502"]

1.e4 c5 2.Nf3 e6 3.d4 cxd4 4.Nxd4 a6 5.Bd3 Nf6 6.O-O d6 7.c4 Be7 8.Nc3 O-O
9.b3 Nbd7 10.Bb2 Re8 11.Qd2 Bf8 12.Rad1 b6 13.Bb1 Bb7 14.f4 Qc7 15.Nf3 Rad8
16.Qe1 g6 17.Kh1 Qb8 18.Qh4 Bg7 19.Rde1 b5 20.e5 Nh5 21.Ne4 Bxe4 22.Bxe4 bxc4
23.g4 d5 24.Bc2 Nxf4 25.Ng5 h6 26.Nxf7 Kxf7 27.g5 hxg5 28.Qxg5 Kg8 29.Rxf4 Nf8
30.Bxg6 Nxg6 31.Qxg6 Qb7  1-0

[Event "TCh-BEL 2001-2"]
[Site "Belgium BEL"]
[Date "2002.01.06"]
[Round "6"]
[White "Van Mechelen,J"]
[Black "Michiels,B"]
[Result "1-0"]
[WhiteElo "2264"]
[BlackElo "2212"]

1.Nf3 c5 2.e4 e6 3.d4 cxd4 4.Nxd4 a6 5.Bd3 Nc6 6.Nxc6 bxc6 7.O-O d6 8.c4 Nf6
9.Nc3 Be7 10.Qe2 e5 11.Rd1 O-O 12.f3 Qc7 13.Be3 a5 14.b3 Rd8 15.Rac1 Nd7
16.Na4 Rb8 17.Qf2 Rb4 18.c5 Nxc5 19.Nxc5 dxc5 20.Bc4 Rd4 21.Bxd4 cxd4 22.f4 c5
23.fxe5 Bg5 24.Rxd4 Rb8 25.Rd6 Bg4 26.Rf1 Bh5 27.Qf5 Be3+ 28.Kh1 Bg6 29.Rd7 Bxf5
30.Rxc7 Be6 31.Bxe6 fxe6 32.Rff7 Bh6 33.g4  1-0

[Event "39th BPCL ch-IND"]
[Site "Nagpur IND"]
[Date "2002.01.18"]
[Round "3"]
[White "Mahesh Chandran,P"]
[Black "Prasad,D"]
[Result "1/2-1/2"]
[WhiteElo "2436"]
[BlackElo "2465"]

1.e4 c5 2.Nf3 e6 3.d4 cxd4 4.Nxd4 a6 5.Bd3 Nf6 6.O-O d6 7.c4 Bd7 8.Nc3 Nc6
9.Be3 Ne5 10.h3 Rc8 11.f4 Nxd3 12.Qxd3 Qc7 13.Rac1 Be7 14.b3 O-O 15.Qe2  1/2-1/2

[Event "Corus Tens"]
[Site "Wijk aan Zee NED"]
[Date "2002.01.19"]
[Round "2"]
[White "Stellwagen,D"]
[Black "Istratescu,A"]
[Result "0-1"]
[WhiteElo "2377"]
[BlackElo "2605"]

1.e4 c5 2.Nf3 e6 3.d4 cxd4 4.Nxd4 a6 5.Bd3 Nc6 6.Nxc6 bxc6 7.O-O d5 8.c4 d4
9.e5 Ne7 10.Nd2 Qc7 11.f4 c5 12.Be4 Rb8 13.Nf3 Bd7 14.Ne1 h5 15.Nd3 Nf5 16.Bd2 Be7
17.Qf3 g6 18.g3 Kf8 19.Qf2 Kg7 20.Bf3 a5 21.h3 a4 22.Rac1 Rbg8 23.Rc2 Kf8
24.h4 Kg7 25.Re1 Rb8 26.Kh2 Qa7 27.Re2 Rhc8 28.Bc1 Bd8 29.Qg2 Ba5 30.Be4 Qc7
31.Bf3 Rd8 32.Be4 Rb6 33.Kh3 Bc8 34.Qf3 Ba6 35.Rg2 Nh6 36.Qe2 Ng4 37.Rg1 Rbb8
38.Bf3 Nh6 39.Be4 Bb7 40.Qf3 Bxe4 41.Qxe4 Ng4 42.Rgg2 Rd7 43.Rge2 Rbd8 44.Qf3 Rc8
45.Kg2 Qb6 46.Qe4 Kf8 47.Qf3 Ke8 48.Qe4 Kd8 49.Qf3 Qb7 50.Qxb7 Rxb7 51.Kf3 Kd7
52.Rg2 Kc6 53.Rg1 Rd8 54.Rd1 Rf8 55.Re2 Rc7 56.Kg2 Rb7 57.Kf3 Nh6 58.Kg2 Nf5
59.Kf3 Rd8 60.Rc2 Ng7 61.Ke4 Ne8 62.Rf1 Nc7 63.Re2 Na6 64.Rc2 Rbd7 65.Rd1 Kb6
66.Re2 Nb8 67.Kf3 Nc6 68.Ke4 Rc8 69.Rc2 Ra7 70.Re2 a3 71.b3 Bc3 72.Kf3 Nd8
73.Bd2 Bxd2 74.Rexd2 Nc6 75.Re2 Ne7 76.Ne1 Nf5 77.Nc2 Kc6 78.Rd3 Rb8 79.Ke4 Kc7
80.Kf3 Ne7 81.Ke4 Nc6 82.Kf3 Rf8 83.Kg2 f6 84.exf6 Rxf6 85.Ne1 Kd6 86.Nf3 Rf5
87.Ng5 Re7 88.Rdd2 Kd7 89.Ne4 Nb4 90.Re1 Kc6 91.Nf2 e5 92.Rde2 Ref7 93.fxe5 Rxf2+
94.Rxf2 Rxf2+ 95.Kxf2 Nd3+ 96.Ke2 Nxe1 97.Kxe1 Kd7 98.Ke2 Ke6 99.Kd2 Kxe5
100.Kd3 Kf5  0-1

[Event "Corus Tens"]
[Site "Wijk aan Zee NED"]
[Date "2002.01.22"]
[Round "5"]
[White "Van Blitterswijk,S"]
[Black "Istratescu,A"]
[Result "1/2-1/2"]
[WhiteElo "2384"]
[BlackElo "2605"]

1.e4 c5 2.Nf3 e6 3.d4 cxd4 4.Nxd4 a6 5.Bd3 Nf6 6.O-O Qc7 7.Qe2 d6 8.c4 g6
9.Nc3 Bg7 10.Rd1 O-O 11.Nf3 Nbd7 12.h3 b6 13.Bf4 Nh5 14.Bd2 Bb7 15.Rac1 Rac8
16.b3 Qb8 17.Bb1 Rfd8 18.Bg5 Bf6 19.Qd2 Ne5 20.Nh2 Bxg5 21.Qxg5 Bc6 22.f4 Nd7
23.Ng4 f6 24.Qh6 Nf8 25.f5 b5 26.fxe6 Re8 27.Nd5 Rxe6 28.Rf1 Bxd5 29.exd5 Re2
30.Nxf6+ Nxf6 31.Rxf6 bxc4 32.Rcf1 Qa7+ 33.Kh1 Qe7 34.bxc4 Re1 35.Bd3 Rxf1+
36.Rxf1 Nd7 37.Qd2 Re8 38.Bc2 Qe2 39.Qxe2 Rxe2 40.Bd1 Rxa2 41.Bg4 Ne5 42.Be6+ Kg7
43.Rc1 Ra5 44.Rb1 h5 45.Rb6 Nxc4 46.Rc6 Nd2 47.g4 Ne4 48.g5 Nxg5 49.Rxd6 Ra2
50.Kg1 a5 51.Ra6 a4 52.h4 Ne4 53.Bc8 Nc5 54.Ra7+ Kf6 55.d6 Rd2 56.Ra5 Rc2
57.Bh3 Rc4 58.Kh2 Nb7 59.Ra6 Rb4 60.d7+ Kf7 61.Ra8 g5 62.Kg3 Rd4 63.Rb8 Rd3+
64.Kg2 g4 65.Rxb7 Ke7 66.Bxg4 hxg4 67.Ra7 a3 68.Kh2 Kf6 69.Rxa3 Rxd7 70.Ra5  1/2-1/2

[Event "Kaissa Open"]
[Site "Kharkov UKR"]
[Date "2002.01.23"]
[Round "2"]
[White "Demidenko,S"]
[Black "Guliaev,B"]
[Result "1/2-1/2"]
[WhiteElo "2216"]
[BlackElo "2329"]

1.e4 c5 2.Nf3 e6 3.d4 cxd4 4.Nxd4 a6 5.Bd3 Nc6 6.Be3 Nf6 7.O-O d5 8.exd5 Nxd5
9.Nxc6 bxc6 10.Bd2 Be7 11.c4 Nf6 12.Qc2 O-O 13.Nc3 c5 14.Ne4 h6 15.Bc3 Bb7
16.Rad1 Nxe4 17.Bxe4 Qc7 18.Rfe1 Rad8  1/2-1/2

[Event "It"]
[Site "Bijeljina Dvorovi YUG"]
[Date "2002.01.28"]
[Round "3"]
[White "Cabrilo,G"]
[Black "Ionescu,Co"]
[Result "0-1"]
[WhiteElo "2509"]
[BlackElo "2481"]

1.e4 c5 2.Nf3 e6 3.d4 cxd4 4.Nxd4 a6 5.Bd3 Nf6 6.O-O d6 7.c4 b6 8.Nc3 Bb7
9.Qe2 g6 10.Rd1 Nbd7 11.Nf3 Ng4 12.Bc2 Qc7 13.Ba4 Rd8 14.Bf4 Ne5 15.Rac1 f6
16.Nd4 Kf7 17.b4 Be7 18.Bb3 Nf8 19.Bh6 Nc6 20.Nxc6 Qxc6 21.f4 f5 22.Re1 Bf6
23.c5 dxc5 24.exf5 gxf5 25.Qh5+ Kg8 26.Rc2 c4  0-1

[Event "It"]
[Site "Bijeljina Dvorovi YUG"]
[Date "2002.01.30"]
[Round "5"]
[White "Savanovic,A"]
[Black "Ionescu,Co"]
[Result "1/2-1/2"]
[WhiteElo "2428"]
[BlackElo "2481"]

1.e4 c5 2.Nf3 e6 3.d4 cxd4 4.Nxd4 a6 5.Bd3 Nf6 6.O-O d6 7.c4 Bd7 8.Nc3 Nc6
9.Nxc6 Bxc6 10.b4 Be7 11.b5 Bd7 12.Be3 axb5 13.cxb5 Qa5 14.Bd2 Qa3 15.Rb1 O-O
16.Rb3 Qa7 17.b6 Qb8 18.Bb5 Rc8 19.a4 Bd8 20.Bf4 Bxb6 21.Bxd6 Bc7 22.Bxd7 Rd8
23.Nb5  1/2-1/2

[Event "7th HIT Open"]
[Site "Nova Gorica SLO"]
[Date "2002.02.01"]
[Round "2"]
[White "Korneev,O"]
[Black "Gombac,Jan"]
[Result "1-0"]
[WhiteElo "2568"]
[BlackElo "2225"]

1.e4 c5 2.Nf3 e6 3.d4 cxd4 4.Nxd4 a6 5.Bd3 Nf6 6.O-O d6 7.c4 g6 8.Nc3 Bg7
9.Qe2 O-O 10.Rd1 Nbd7 11.Nf3 Qc7 12.h3 b6 13.Bf4 Nh5 14.Bg5 Bb7 15.Rac1 Ne5
16.Nxe5 Bxe5 17.Bh6 Bf4 18.Bxf4 Nxf4 19.Qe3 g5 20.g3 Nxh3+ 21.Kh2 g4 22.Bf1 Rfd8
23.Rd4 e5 24.Rd2 Qc5 25.Qh6 d5 26.Bxh3 Rd6 27.Qg5+ Rg6 28.Qxe5 gxh3 29.Nxd5 Kf8
30.b4  1-0

[Event "7th HIT Open"]
[Site "Nova Gorica SLO"]
[Date "2002.02.04"]
[Round "5"]
[White "Lenic,L"]
[Black "Bednarich,J"]
[Result "1/2-1/2"]
[WhiteElo "2159"]
[BlackElo "2249"]

1.e4 c5 2.Nf3 e6 3.d4 cxd4 4.Nxd4 a6 5.Bd3 Qc7 6.O-O Nf6 7.Qe2 d6 8.Nd2 Nbd7
9.Kh1 g5 10.a4 b6 11.Nc4 Rg8 12.a5 b5 13.Nb6 Rb8 14.Nxc8 Rxc8 15.Bd2 Be7
16.Rfc1 Ne5 17.Nf3 Nfd7 18.Nxe5 Nxe5 19.Bc3 Bf6 20.Bxe5 Bxe5 21.c4 Ke7 22.g3 b4
23.c5 dxc5 24.Bxa6 Ra8 25.Ra4 Rgb8 26.b3 Bd4 27.Rc2 Ra7 28.Kg2 Rba8 29.Rxb4 Qe5
30.Rb7+ Rxb7 31.Bxb7 Rxa5 32.Ra2 Rxa2 33.Qxa2  1/2-1/2

[Event "7th HIT Open"]
[Site "Nova Gorica SLO"]
[Date "2002.02.05"]
[Round "6"]
[White "Jurkovic,A"]
[Black "Laco,G"]
[Result "1-0"]
[WhiteElo "2301"]
[BlackElo "2149"]

1.e4 c5 2.Nf3 e6 3.d4 cxd4 4.Nxd4 a6 5.Bd3 b5 6.O-O Bb7 7.Nc3 Qc7 8.Qe2 Nc6
9.Nxc6 Qxc6 10.f4 b4 11.Nd5 Kd8 12.Ne3 Bc5 13.Kh1 h5 14.Nc4 d6 15.Na5 Qc7
16.Nxb7+ Qxb7 17.Be3 Qa7 18.Bxc5 dxc5 19.a3 a5 20.Rad1 Ke7 21.e5 g6 22.Be4 Rc8
23.Qf2 Kf8 24.axb4 axb4 25.f5 gxf5 26.Bxf5 Qe7 27.Bg6 Nh6 28.Bxh5 Nf5 29.Bxf7 Qxf7
30.g4 Ke7 31.gxf5 exf5 32.Qg2 Rc7 33.Qg5+  1-0

[Event "7th HIT Open"]
[Site "Nova Gorica SLO"]
[Date "2002.02.05"]
[Round "6"]
[White "Krivec,J"]
[Black "Kavsek,M"]
[Result "1-0"]
[WhiteElo "2254"]
[BlackElo "2051"]

1.e4 c5 2.Nf3 e6 3.d4 cxd4 4.Nxd4 a6 5.Bd3 Nc6 6.Nxc6 bxc6 7.O-O d5 8.c4 Nf6
9.Nc3 Be7 10.cxd5 exd5 11.exd5 cxd5 12.Bg5 Be6 13.Bxf6 Bxf6 14.Qa4+ Kf8 15.Rad1 Qb6
16.Rd2 g6 17.Be2 Bxc3 18.bxc3 Kg7 19.Bf3 Rac8 20.Qf4 Rhd8 21.Re1 Qc7 22.Qd4+ Kg8
23.Re3 Qc5 24.Qf6 Rd6 25.Qf4 Rdd8 26.h4 Qf8 27.h5 Qg7 28.Re5 Rc4 29.Qe3 Qf6
30.Bxd5 Rdc8 31.Bxe6 fxe6 32.Rxe6 Qh4 33.hxg6 hxg6 34.Rxg6+ Kh7 35.Rg3 Qf6  1-0

[Event "7th HIT Open"]
[Site "Nova Gorica SLO"]
[Date "2002.02.07"]
[Round "8"]
[White "Jurkovic,A"]
[Black "Krasevec,V"]
[Result "1-0"]
[WhiteElo "2301"]
[BlackElo "2013"]

1.e4 c5 2.Nf3 e6 3.d4 cxd4 4.Nxd4 a6 5.Bd3 Qc7 6.O-O Nf6 7.Qe2 d6 8.f4 Nbd7
9.Nf3 Nc5 10.Nc3 b5 11.Bd2 Bb7 12.b4 Ncd7 13.a4 bxa4 14.Rxa4 Nb6 15.Ra5 d5
16.e5 Bxb4 17.Nb5 Bc5+ 18.Kh1 axb5 19.exf6 gxf6 20.Rxb5 Nd7 21.Nh4 Bc6 22.Rbb1 Rb8
23.Rbe1 Bb4 24.Bxb4 Rxb4 25.Qh5 Nc5 26.Qh6 Ne4 27.Qg7 Rf8 28.Bxe4 Rxe4 29.Qxf6 Rg8
30.h3 Qe7 31.Qh6 Qf8 32.Qh5 Qg7 33.Rxe4 dxe4 34.Qc5 Bd7 35.Rb1 f5 36.Rb8+ Kf7
37.Rb7 Qa1+ 38.Kh2 Rd8 39.Nxf5 exf5 40.Qxf5+ Ke7 41.Qxh7+ Kd6 42.Qg6+ Ke7
43.Qxe4+ Kf8 44.c4 Qa4 45.Qd4 Ke8 46.Qe5+ Kf7 47.Rb6  1-0

[Event "XVIII Open"]
[Site "Cappelle la Grande FRA"]
[Date "2002.02.09"]
[Round "1"]
[White "Bouaziz,S"]
[Black "Chuchelov,V"]
[Result "1/2-1/2"]
[WhiteElo "2369"]
[BlackElo "2600"]

1.e4 c5 2.Nf3 e6 3.d4 cxd4 4.Nxd4 a6 5.Bd3 Nf6 6.O-O Qc7 7.c4 Nc6 8.Nxc6 dxc6
9.f4 e5 10.f5 Bc5+ 11.Kh1 h5 12.Qe1 Qd6 13.Bc2 Ng4 14.h3 Qd4 15.Qe2 b5 16.Nc3 Ne3
17.Re1 Nxc4 18.Bg5 Qf2 19.Rad1 f6 20.Qd3 Qd4 21.Qg3 Qf2 22.Qd3 Qd4  1/2-1/2

[Event "Petrov Mem Open"]
[Site "St Petersburg RUS"]
[Date "2002.02.12"]
[Round "1"]
[White "Gajsin,E"]
[Black "Chistjakova,E"]
[Result "1-0"]
[WhiteElo "2376"]
[BlackElo "2073"]

1.e4 c5 2.Nf3 e6 3.d4 cxd4 4.Nxd4 a6 5.Bd3 Qc7 6.O-O Nf6 7.c4 Nc6 8.Be3 Nb4
9.Nc3 Nxd3 10.Qxd3 Ng4 11.f4 Nxe3 12.Qxe3 Qxc4 13.Rfc1 Bc5 14.Nce2 Bxd4 15.Nxd4 Qb4
16.f5 Qb6 17.Rc3 O-O 18.Rb3 Qa7 19.f6 gxf6 20.Rd1 Qb8 21.Qh6 Qe5 22.Rg3+ Qxg3
23.hxg3  1-0

[Event "13th Asian Cities"]
[Site "Aden YEM"]
[Date "2002.02.13"]
[Round "9"]
[White "Vivek Kumar,S"]
[Black "De Silva,N"]
[Result "1-0"]
[WhiteElo "2287"]
[BlackElo "2230"]

1.e4 c5 2.Nf3 e6 3.d4 cxd4 4.Nxd4 a6 5.Bd3 Nc6 6.Nxc6 bxc6 7.O-O d5 8.c4 dxc4
9.Bxc4 Qxd1 10.Rxd1 Nf6 11.Nc3 Bb4 12.f3 e5 13.Be3 Ke7 14.Na4 Be6 15.Bxe6 Kxe6
16.Rac1 Rac8 17.Nb6 Rc7 18.Nd5 Nxd5 19.exd5+ Ke7 20.Rc4 Bd6 21.dxc6 Rb8 22.b3 Ke6
23.Kf2 Rbc8 24.Rdc1 Kd5 25.Rd1+ Ke6 26.Rdc1 Kd5 27.Bc5 Bxc5+ 28.Rxc5+ Kd6
29.Ke3 Rxc6 30.Rxc6+ Rxc6 31.Rxc6+ Kxc6 32.Ke4 f6 33.g4 Kc5 34.a3 Kd6 35.b4 g6
36.h4 Ke6 37.g5 f5+ 38.Kd3 Kd5 39.a4 Kd6 40.Kc4 Kc6 41.Kc3 Kd5 42.Kd3 Kd6
43.Kc4 Kc6 44.b5+ axb5+ 45.axb5+ Kb6 46.Kd5 Kxb5 47.Kxe5 Kc5 48.Kf6 Kd4 49.Kg7 Ke3
50.Kxh7 Kxf3 51.h5 gxh5 52.g6 h4 53.g7 h3 54.g8=Q Kf2 55.Qa2+ Kg3 56.Qb3+ Kg2
57.Qc2+ Kg1 58.Qd1+ Kg2 59.Qe2+ Kg1 60.Qf3 h2 61.Qg3+ Kh1 62.Qf2  1-0

[Event "XVIII Open"]
[Site "Cappelle la Grande FRA"]
[Date "2002.02.13"]
[Round "5"]
[White "Handke,F"]
[Black "Chuchelov,V"]
[Result "1/2-1/2"]
[WhiteElo "2450"]
[BlackElo "2600"]

1.e4 c5 2.Nf3 e6 3.d4 cxd4 4.Nxd4 a6 5.Bd3 Nf6 6.O-O Qc7 7.Qe2 d6 8.c4 g6
9.Nc3 Bg7 10.Nf3 O-O 11.Rd1 Nbd7 12.h3 b6 13.Be3 Bb7 14.Rac1 Rac8 15.b3 Rfe8
16.Bb1 Bf8 17.Bf4 Nh5 18.Be3 Ba8 19.Nh2 Nhf6 20.Ng4 Nxg4 21.hxg4 Qb8 22.g5 Bc6
23.b4 Ba8 24.a3 Rc7 25.Ba2 Rec8 26.f3 Be7 27.Bb3 b5 28.Nb1 Ne5 29.cxb5 axb5
30.Rxc7 Rxc7 31.Rc1 Rxc1+ 32.Bxc1 Bc6 33.Be3 Qa8 34.Qa2 Qd8 35.Qd2 Qa8 36.Qa2 Qb8
37.Nc3 Qd8 38.Qd2 Qa8 39.Qa2 Qc8 40.Qc2 Qd8  1/2-1/2

[Event "Petrov Mem Open"]
[Site "St Petersburg RUS"]
[Date "2002.02.14"]
[Round "3"]
[White "Goloshchapov,A"]
[Black "Kochyev,A"]
[Result "1/2-1/2"]
[WhiteElo "2545"]
[BlackElo "2410"]

1.e4 c5 2.Nf3 e6 3.d4 cxd4 4.Nxd4 a6 5.Bd3 Nf6 6.O-O Qc7 7.Qe2 d6 8.c4 g6
9.Nc3 Bg7 10.Rd1 O-O 11.Nf3 Ng4 12.Bf4 Ne5 13.Nxe5 dxe5 14.Be3 Nc6 15.f3 Nd4
16.Qf2 f5 17.Ne2 Rd8 18.Nxd4 exd4 19.Bg5 Re8 20.f4 e5 21.Re1 h6  1/2-1/2

[Event "XVIII Open"]
[Site "Cappelle la Grande FRA"]
[Date "2002.02.15"]
[Round "7"]
[White "Van den Doel,E"]
[Black "Belikov,V"]
[Result "1/2-1/2"]
[WhiteElo "2585"]
[BlackElo "2483"]

1.e4 c5 2.Nf3 e6 3.d4 cxd4 4.Nxd4 a6 5.Bd3 Nf6 6.O-O Qc7 7.Nc3 b5 8.Qe2 d6
9.a4 b4 10.Na2 e5 11.Nf5 Nc6 12.Bg5 Bxf5 13.exf5 d5 14.Bxa6 Ne4 15.Be3 Be7
16.Rad1 Nf6 17.c3 bxc3 18.bxc3 O-O 19.Bb5 h6 20.Rc1 Ba3 21.Rb1 Bd6 22.Nb4 Ne7
23.g4 Ne4 24.Bd2 Nxc3 25.Bxc3 Qxc3 26.Rfc1 Qh3 27.f3 e4 28.fxe4 dxe4 29.Kh1 h5
30.f6 gxf6 31.Rg1 Kh8 32.Qf2 Be5 33.Bf1 Qf3+ 34.Qxf3 exf3 35.Bb5 Rfd8 36.Nd3 Rab8
37.Rbd1 Nd5 38.Rdf1 Ne3 39.Rxf3 Rxb5 40.Rxe3 Bd4 41.axb5 Bxe3 42.Rd1 hxg4
43.Nf2 Rxd1+ 44.Nxd1 Bd4 45.Kg2 f5 46.h3 Kg7 47.hxg4 fxg4 48.Nf2 f5 49.Nxg4 fxg4
50.Kg3  1/2-1/2

[Event "XVIII Open"]
[Site "Cappelle la Grande FRA"]
[Date "2002.02.15"]
[Round "7"]
[White "Kalod,R"]
[Black "Chuchelov,V"]
[Result "1-0"]
[WhiteElo "2462"]
[BlackElo "2600"]

1.e4 c5 2.Nf3 e6 3.d4 cxd4 4.Nxd4 a6 5.Bd3 Nf6 6.O-O Qc7 7.Qe2 d6 8.c4 g6
9.Nc3 Bg7 10.Rd1 O-O 11.Nf3 Nbd7 12.h3 b6 13.Bf4 Nh5 14.Bd2 Bb7 15.Rac1 Rac8
16.b3 Rfe8 17.Be3 Nc5 18.Bb1 Bf8 19.Nh2 Nf6 20.Ng4 Nxg4 21.hxg4 Nd7 22.Qd2 Ba8
23.f3 Qb8 24.Bd3 Bc6 25.Bf1 Ne5 26.a4 Nd7 27.Bf4 Nc5 28.Qc2 Red8 29.Rd2 Be7
30.Rcd1 Be8 31.Kh1 Qc7 32.Qa2 Nb7 33.Be3 Bf6 34.Ne2 b5 35.cxb5 axb5 36.axb5 Bxb5
37.Nd4 Bxf1 38.Rxf1 d5 39.exd5 Qe5 40.Bf2 Qxd5 41.Rfd1 Bg5 42.Rd3 Nc5 43.Rc3 e5
44.Qc2 Be7 45.b4 h5 46.bxc5 hxg4 47.Rdd3 exd4 48.Rxd4 Qh5+ 49.Kg1 Rxd4 50.Bxd4 gxf3
51.gxf3 Rd8 52.Qe4 Rd5 53.Kf1 Qh1+ 54.Ke2 Qg2+ 55.Kd3 Qg5 56.f4 Qh5 57.Kc2 Bxc5
58.Qe8+ Bf8 59.Rc8 Qh2+ 60.Kb3 Qg3+ 61.Bc3 Kh7 62.Qxf7+ Kh6 63.Qxd5 Bg7 64.Qd1  1-0